| 000 | 00411nam a2200145 a 4500 | ||
|---|---|---|---|
| 005 | 20140310182405.0 | ||
| 008 | 020117s19uu xx 00 eng d | ||
| 020 | _a0-7835-2945-7 | ||
| 245 |
_aTime-life's illustrated world of Science : _bTransport and navigation. |
||
| 260 |
_aAsia : _bTime Life, _c1994. |
||
| 300 | _a149p. : ill. (col.) ; 30cm. | ||
| 650 | _aTransport | ||
| 650 | _aNavigation | ||
| 942 | _cBK | ||
| 999 |
_c12683 _d12683 |
||